|
|
|
|
| LEADER |
01089nam a2200253 a 4500 |
| 001 |
2121420 |
| 008 |
091026s1996 bg a bb 000 0 eng d |
| 010 |
|
|
|a \\\96902619
|
| 020 |
|
|
|a 9848175032
|
| 040 |
|
|
|a DLC
|c DLC
|
| 082 |
0 |
0 |
|a 341.6/7
|2 21
|
| 245 |
0 |
0 |
|a Impact of Vested Property Act on rural Bangladesh :
|b an exploratory study /
|c Abul Barkat ... [et al.] ; prepared for Association for Land Reform and Development, Bangladesh.
|
| 260 |
|
|
|a Dhaka :
|b University Research Corp. (Bangladesh),
|c 1996.
|
| 300 |
|
|
|a v, 112 p. :
|b ill. ;
|c 28 cm.
|
| 504 |
|
|
|a Includes bibliographical references (p. 60).
|
| 541 |
1 |
|
|e 00006521
|
| 650 |
|
0 |
|a Enemy property.
|
| 650 |
|
0 |
|a Alien property
|z Bangladesh.
|
| 700 |
1 |
|
|a Barkat, Abul.
|
| 710 |
2 |
|
|a Association for Land Reform and Development.
|
| 710 |
2 |
|
|a University Research Corporation (Bangladesh)
|
| 852 |
4 |
|
|a Ayesha Abed Library
|j General shelf
|
| 999 |
|
|
|c 4849
|d 4849
|
| 952 |
|
|
|0 0
|1 0
|2 ddc
|4 0
|6 341_670000000000000_IMP_1996
|7 0
|9 4672
|a BRACUL
|b BRACUL
|c GEN
|d 2009-10-26
|g 150.00
|l 2
|m 12
|o 341.67 IMP
|p 3010006521
|r 2018-09-24
|s 2018-07-22
|t 1
|w 2009-10-26
|y BK
|